00358nam a2200085Ia 4500008004100000245008000041260000900121300010900130650003300239180130s9999 xx 000 0 und d cMilne, Derek L; Reiser, RobertaEvidence-based supervisory practices in CBT c2016 aBook title: Teaching and supervising cognitive behavioral therapy--Acession number C20879; pages 207-226 aCOGNITIVE BEHAVIORAL THERAPY